zpět

Detail výsledku týmu

Dělnický dům, Jihlava

Datum a čas kvízu

33.5 Celkem bodů Celkový počet nahraných bodů na tomto kvízu bez doplňovacích otázek.
3. Pořadí na kvízu Konečné umístění týmu na tomto kvízu.

Zaznamenané odpovědi

# Otázka Odpověď Body Výsledky
1. Kostel svatého Vintíře v Dobré... 1
2. Pětačtyřicetiletý pastor, kter... 0
3. Minulý týden bylo oznámeno, že... 1
4. Firma Apple na své pravidelné... 0
5. Minulý týden vyvrcholil druhý... 1
6. Fanoušky na celém světě si po... 1
7. Ke které deskové hře odkazuje... 1
8. Ve hře Osadníci z Katanu je mo... 1
9. Napište název postřehové karet... 1
10. Napište jméno této postavy z k... 1